Sandeha nivarini : (Record no. 42757)
[ view plain ]
| 000 -LEADER | |
|---|---|
| fixed length control field | 00749nam a22002057a 4500 |
| 005 - DATE AND TIME OF LATEST TRANSACTION | |
| control field | 20100820143850.0 |
| 010 ## - LCCN (DPL NO) | |
| LC control number | ENG-101129 |
| 020 ## - INTERNATIONAL STANDARD BOOK NUMBER | |
| Terms of availability | 20.00 |
| International Standard Book Number | 9788172086299 |
| 035 ## - SYSTEM CONTROL NUMBER | |
| System control number | EN-84662 |
| 037 2# - SOURCE OF ACQUISITION | |
| Source of stock number/acquisition | DBAD/PUB |
| 082 ## - DEWEY DECIMAL CLASSIFICATION NUMBER | |
| Classification number | 230.35 |
| 100 ## - MAIN ENTRY--PERSONAL NAME | |
| Personal name | Sathya Sai Baba |
| 245 ## - TITLE STATEMENT | |
| Title | Sandeha nivarini : |
| Statement of responsibility, etc | by Sathya Sai Baba |
| Remainder of title | clearance of spiritual doubts / |
| 250 ## - EDITION STATEMENT | |
| Edition statement | 2nd ed. |
| 260 ## - PUBLICATION, DISTRIBUTION, ETC. (IMPRINT) | |
| Place of publication, distribution, etc | Prasanthi Nilayam |
| Name of publisher, distributor, etc | Sri Sathya Sai Sadhana Trust |
| Date of publication, distribution, etc | 2009 |
| 270 ## - ADDRESS | |
| Address | anantapur District, Andhra Pradesh |
| City | Prasanthi Nilayam |
| Postal code | 515134 |
| 300 ## - PHYSICAL DESCRIPTION | |
| Extent | 145 p. |
| Dimensions | 22cm (pbk) |
| 942 ## - ADDED ENTRY ELEMENTS (KOHA) | |
| Source of classification or shelving scheme | Dewey Decimal Classification |
| Item type | English Books |
| Call number suffix | SAT |
| Classification part | 230.35 |
| Withdrawn status | Lost status | Not for loan | Collection code | Home library | Current library | Date acquired | Cost, normal purchase price | Full call number | Barcode | Copy number | Cost, replacement price | Koha item type |
|---|---|---|---|---|---|---|---|---|---|---|---|---|
| Not For Loan | Non-fiction | D.B.Act.Division | D.B.Act.Division | 20/08/2010 | 20.00 | 230.35 SAT | EN-84662 | 1 | 20.00 | English Books |
